000 00298nam a22001337a 4500
008 170823b xxu||||| |||| 00| 0 eng d
020 _a9780495011248
041 _aeng
080 _22 ed
_a51
100 _a38
101 _amat
245 _aA COMPANION CALCULUS
_cEBERSOLE.S
942 _2udc
_cBK
999 _c24676
_d24676